00389nam a2200109Ia 4500008004100000100002600041245004300067260006900110300001100179650002100190856006800211160712s9999 xx 000 0 und d aQuintos, Jay Jomar F. cJay Jomar QuintosaSi Nagmalitung Yawa c2015bLikhaan: The Journal of Contemporary Philippine Literature avol. 9 xMAIKLING KUWENTO uhttp://journals.upd.edu.ph/index.php/lik/issue/view/539/showToc